[Event "German Masters 2019"]
[Site "Magdeburg"]
[Date "2019.05.31"]
[Round "6.3"]
[White "Keymer, Vincent"]
[Black "Miller, Eduard"]
[Result "1-0"]
[WhiteElo "2521"]
[BlackElo "2382"]
[Annotator "TA"]
[PlyCount "89"]
[EventDate "2019.05.26"]
[EventType "tourn"]
[EventCountry "GER"]
[SourceTitle "playchess.com"]
[Source "ChessBase"]
[SourceQuality "1"]

{[%evp 17,89,28,30,31,30,32,44,2,2,4,22,28,33,32,80,98,116,99,122,122,122,114,151,138,141,135,174,96,95,92,105,105,105,98,97,105,105,97,105,90,97,88,99,93,232,225,231,223,224,227,207,225,325,324,309,314,384,384,384,384,527,534,516,503,456,462,779,753,1204,1243,904,924,2034,1849]} 1. d4 Nf6 2. c4 g6 3. g3 Bg7 4. Bg2 O-O 5. Nc3 d6 6. Nf3 Nc6 7. O-O e5 8. dxe5 dxe5 9. Bg5 Be6 10. Qc1 {E62: King's Indian: Fianchetto: 6...c6 and Panno Variation (6...Nc6) without ...a6} (10. Qa4 Qb8 11. Bxf6 Bxf6 12. Nd2 Bg7 13. Rfd1 Rd8 14. Nb3 Nd4 15. Nc5 c6 16. e3 Bg4 17. exd4 exd4 18. N3e4 Bxd1 19. Rxd1 {1-0 (32) Carlsen,M (2835)-Firouzja,A (2607) St Petersburg 2018}) 10... Qc8 11. Rd1 Ne8 $146 ({But not} 11... Bxc4 $2 12. Bxf6 Bxf6 13. Ne4 $18) ({Predecessor:} 11... Re8 12. Nd5 Nd7 13. Bh6 f6 14. Bxg7 Kxg7 15. b3 Nd8 16. Nd2 Nf7 17. c5 c6 {0-1 (39) Yakubboev,N (2556)-Wang,H (2730) Makati 2018}) 12. Nd5 {Black should prevent Ne7+.White is slightly better.} e4 13. Ne1 {next Be7 is good for White.} f6 14. Bh6 Bxh6 $1 15. Qxh6 Nd6 16. Qf4 Bxd5 17. cxd5 Ne5 18. Bxe4 g5 19. Qe3 Qh3 {[#] aiming for ...Ng4!} 20. Bg2 Qh5 21. Nf3 Rae8 22. Nxe5 (22. Qxa7 $18 Nxf3+ 23. exf3) 22... Rxe5 $16 23. Qc3 Rf7 24. e3 Ree7 25. Qb4 f5 26. Rd4 a6 27. Rc1 Qg6 28. a4 h5 29. h3 Rf8 30. Re1 f4 (30... h4 $16) 31. exf4 $18 Rxe1+ 32. Qxe1 gxf4 33. Rxf4 Rxf4 34. gxf4 Kf7 (34... Qe8 $142 35. Qe3 Qxa4 36. Qe6+ Kg7) 35. Qc3 Ne8 36. a5 Qf6 37. Qe5 h4 38. Bf3 {[#] Black must now prevent Bh5+.} Nd6 39. Bh5+ {White is clearly winning.} Kg7 40. b3 Nb5 41. Kg2 Qxe5 (41... b6 $142 42. axb6 cxb6) 42. fxe5 Nc3 43. d6 cxd6 44. exd6 {And now d7 would win.} Kf6 45. Bf3 {Accuracy: White = 81%, Black = 47%.} 1-0

[Event "German Masters 2019"]
[Site "Magdeburg"]
[Date "2019.05.31"]
[Round "6.4"]
[White "Nisipeanu, Liviu-Dieter"]
[Black "Buhmann, Rainer"]
[Result "1/2-1/2"]
[WhiteElo "2667"]
[BlackElo "2573"]
[Annotator "TA"]
[PlyCount "80"]
[EventDate "2019.05.26"]
[EventType "tourn"]
[EventCountry "GER"]
[SourceTitle "playchess.com"]
[Source "ChessBase"]
[SourceQuality "1"]

{[%evp 9,80,7,30,30,45,33,41,27,45,41,37,33,53,59,69,0,0,-43,-47,-52,-54,-40,-30,-58,-79,-64,-89,-71,-71,-89,-56,-69,-34,-33,-27,-54,-50,-48,-53,-61,-46,-56,-16,-16,-17,-27,-19,-27,-19,-24,-8,-8,-1,-2,0,0,0,0,0,0,0,-2,0,0,0,0,0,0,0,0,0,0,0]} 1. e4 e5 2. Nf3 Nc6 3. Bb5 g6 4. d4 exd4 5. c3 a6 (5... dxc3 {keeps more tension.} 6. Nxc3 Bg7 7. Bg5 f6 8. Bd2 Nh6) 6. Bxc6 {C60: Ruy Lopez: Unusual Black 3rd moves and 3...g6} dxc6 7. cxd4 Bg7 8. h3 {White is slightly better.} (8. Nc3 Bg4 9. Qb3 Ne7 10. Be3 O-O 11. O-O-O Qd6 12. Kb1 {0-1 (37) Topalov,V (2740)-Nepomniachtchi,I (2773) Abidjan 2019}) 8... Ne7 9. Nc3 Qd6 10. Be3 h6 11. Qd2 g5 12. g4 $146 ({White should play} 12. h4 $1 $14) ({Predecessor:} 12. O-O-O) 12... Bd7 13. Ne2 {[#]} f5 $1 {[%mdl 512]} 14. gxf5 (14. exf5 Qd5) 14... Nxf5 15. exf5 {aiming for Ng3.} Qd5 {[%mdl 64] Double Attack} 16. Bxg5 Qxf3 17. Qe3+ Qxe3 18. Bxe3 Bxf5 19. Rg1 Bf8 20. Nf4 Kf7 21. O-O-O Bd6 22. Nd3 Bxh3 23. Ne5+ Bxe5 24. dxe5 Bf5 25. Rd4 Rh7 26. Rh4 Ke6 27. Rxh6+ Rxh6 28. Bxh6 $11 {[%mdl 4096] Endgame KRB-KRB} Rh8 29. Be3 Rh4 30. Rg7 {The position is equal.} Kxe5 (30... Rh7 {feels hotter.} 31. Rxh7 Bxh7 32. Bf4 c5 33. Kd2 b5) 31. Rxc7 Rh7 32. Rxh7 Bxh7 {KB-KB} 33. a3 Kd5 34. Kd2 c5 35. Kc3 a5 36. b4 cxb4+ 37. axb4 axb4+ 38. Kxb4 Ke4 39. Kc5 Kf3 40. Kb6 Be4 {Accuracy: White = 71%, Black = 70%.} 1/2-1/2

[Event "German Masters 2019"]
[Site "Magdeburg"]
[Date "2019.06.01"]
[Round "7.1"]
[White "Buhmann, Rainer"]
[Black "Bluebaum, Matthias"]
[Result "1/2-1/2"]
[WhiteElo "2573"]
[BlackElo "2618"]
[Annotator "TA"]
[PlyCount "54"]
[EventDate "2019.05.26"]
[EventType "tourn"]
[EventCountry "GER"]
[SourceTitle "playchess.com"]
[Source "ChessBase"]
[SourceQuality "1"]

{[%evp 18,54,13,10,22,13,24,12,13,12,42,1,5,8,5,6,12,3,4,8,19,0,0,0,0,0,0,0,0,0,0,0,0,0,0,0,0,0,0]} 1. d4 Nf6 2. c4 e6 3. Nf3 d5 4. Nc3 Bb4 5. Bg5 h6 6. Bxf6 Qxf6 7. e3 O-O 8. Rc1 dxc4 9. Bxc4 c5 10. O-O {next Ne4 is good for White.} cxd4 {D38: Queen's Gambit Declined: Ragozin Defence (4 Nf3 Bb4)} 11. Ne4 (11. Nxd4 Bd7 12. Qb3 Nc6 13. Nxc6 Bxc3 14. Qxc3 Bxc6 15. Qxf6 gxf6 16. Rfd1 Rfd8 17. f3 f5 18. Kf2 Kg7 19. Be2 {½-½ (26) Ding,L (2812)-Giri,A (2797) Shamkir 2019}) 11... Qe7 12. a3 Ba5 13. Qxd4 Bd7 (13... Rd8 $5 {[%cal Rd8d4]} 14. Qe5 Bc7 $11) 14. Ne5 (14. b4 {feels hotter.} Bc7 15. Qc5 Bd8 16. Ne5 Ba4 17. Be2) 14... Bc7 $146 {The position is equal.} ({Predecessor:} 14... Bc6 15. Rfd1 Bc7 16. Nxc6 Nxc6 17. Qd7 Rfd8 18. Qxe7 Nxe7 19. Rxd8+ Rxd8 {½-½ (30) Erdos,V (2605)-Galopoulos,N (2356) Skopje 2018}) 15. Nxd7 Nxd7 16. Bxe6 Bxh2+ $1 17. Kxh2 Qxe6 18. Rfd1 Rad8 19. Kg1 Ne5 20. Qxd8 Rxd8 21. Rxd8+ Kh7 22. Ng3 Qb3 23. Rd2 Nc4 {[%mdl 64] [#] Double Attack} 24. Rd7 Ne5 25. Rd2 Nc4 {[%mdl 64] Double Attack} 26. Rd7 Ne5 27. Rd2 Nc4 {[%mdl 64] Double Attack. Accuracy: White = 68%, Black = 87%.} 1/2-1/2

[Event "German Masters 2019"]
[Site "Magdeburg"]
[Date "2019.06.01"]
[Round "7.2"]
[White "Miller, Eduard"]
[Black "Nisipeanu, Liviu-Dieter"]
[Result "1/2-1/2"]
[WhiteElo "2382"]
[BlackElo "2667"]
[Annotator "TA"]
[PlyCount "84"]
[EventDate "2019.05.26"]
[EventType "tourn"]
[EventCountry "GER"]
[SourceTitle "playchess.com"]
[Source "ChessBase"]
[SourceQuality "1"]

{[%evp 12,84,48,45,61,9,74,77,67,68,111,108,119,69,102,53,67,0,0,0,0,0,0,0,0,0,0,0,193,108,177,200,199,14,14,14,14,14,14,0,0,0,0,0,0,0,0,0,0,0,0,0,0,0,0,0,0,0,0,0,0,0,0,0,0,0,0,0,0,0,0,0,0,0,0]} 1. Nf3 c5 2. g3 Nc6 3. Bg2 g6 4. c4 Bg7 5. Nc3 d6 6. O-O Qd7 7. e3 Bxc3 {A37: Symmetrical English vs ...g6: 4 Bg2 Bg7 5 Nf3} 8. dxc3 ({Better is} 8. bxc3 $14 Nf6 9. Qe2) (8. bxc3 f5 9. d3 Nf6 10. Nd2 b6 11. f4 Bb7 12. e4 O-O-O 13. Re1 fxe4 14. Nxe4 Nxe4 15. Bxe4 {½-½ (45) Nakamura,H (2775)-Carlsen,M (2835) Moscow 2012}) 8... b6 (8... Qc7 $11 {remains equal.}) 9. e4 $16 Bb7 {White is better.} 10. e5 O-O-O 11. exd6 $1 exd6 12. Re1 $146 ({Predecessor:} 12. b4 f6 13. a4 Nge7 14. a5 g5 15. axb6 axb6 16. bxc5 dxc5 {1-0 (43) Zaragatski,I (2510)-Rogozenco,D (2516) Germany 2014}) 12... h6 13. h4 Nf6 14. Qd3 (14. b4 $1 $14) 14... Ng4 $11 15. Bf4 g5 $1 {[%cal Rg5f4]} 16. hxg5 hxg5 17. Nxg5 {Threatens to win with Qxd6.} Nce5 18. Bxb7+ Qxb7 {[%csl Gb7][%cal Rh8h1]} 19. Qd5 f6 $2 (19... Qxd5 $11 {and Black is okay.} 20. cxd5 Rh5) 20. Qxb7+ $1 $18 Kxb7 21. Bxe5 $1 {[%mdl 64] Remove Defender} Nxe5 {[#]} 22. Rxe5 $2 (22. Nf7 $1 $18 {[%mdl 512]}) 22... dxe5 {[%mdl 4096] Endgame KRR-KRN. The position is equal.} ({Much weaker is} 22... fxe5 $6 23. Nf7 $16) 23. Nf7 {[%mdl 64] Double Attack} Rhf8 24. Nxd8+ Rxd8 $11 {KR-KR} 25. Kg2 Rd2 26. Rb1 e4 27. g4 e3 28. Kf3 exf2 {...Rxb2! is the strong threat.} 29. Rf1 Rxb2 30. Rxf2 Rxf2+ 31. Kxf2 {KP-KP} Kc6 32. a4 Kd6 33. Kf3 Ke5 34. Ke3 f5 (34... a6 $5) 35. g5 f4+ (35... a6 $5) 36. Kf3 {Hoping for g6.} Kf5 37. g6 $1 {[%cal Rg6g7]} Kxg6 38. Kxf4 Kf6 39. Ke4 {Strongly threatening Kd5.} Ke6 40. Kf4 Kd7 41. Ke4 Kd6 42. Kd3 Ke5 {Accuracy: White = 69%, Black = 60%.} 1/2-1/2

[Event "German Masters 2019"]
[Site "Magdeburg"]
[Date "2019.06.01"]
[Round "7.3"]
[White "Meier, Georg"]
[Black "Keymer, Vincent"]
[Result "1-0"]
[WhiteElo "2636"]
[BlackElo "2521"]
[Annotator "TA"]
[PlyCount "85"]
[EventDate "2019.05.26"]
[EventType "tourn"]
[EventCountry "GER"]
[SourceTitle "playchess.com"]
[Source "ChessBase"]
[SourceQuality "1"]

{[%evp 12,85,0,0,5,9,16,1,17,17,14,11,8,10,18,18,25,13,16,14,17,5,33,22,48,37,47,30,39,34,37,57,43,49,83,87,83,76,71,62,130,132,152,144,145,152,154,141,151,143,150,138,146,57,269,273,325,218,234,229,229,231,264,261,273,266,281,286,309,297,783,752,1475,1363,2520,2307]} 1. Nf3 d5 2. g3 Bg4 3. Bg2 c6 4. h3 Bh5 5. O-O Nd7 6. d3 Ngf6 7. c4 dxc4 {A07: Réti Opening: New York and Capablanca Systems} (7... Bxf3 8. Bxf3 dxc4 9. d4 e5 10. Nc3 exd4 11. Qxd4 Nb6 12. Qe5+ Qe7 13. Qf4 Qe6 14. Rd1 Be7 15. Qc7 {½-½ (86) Ponkratov,P (2640)-Lintchevski,D (2525) Sochi 2019}) 8. dxc4 e6 9. Nc3 Qc7 {The position is equal.} 10. Bf4 e5 11. Be3 Be7 12. Nh4 O-O 13. Qc2 Rfd8 $146 ({Predecessor:} 13... Nc5 14. Rfd1 Rfd8 15. Rxd8+ Rxd8 16. Rd1 {½-½ (28) Kostner,W (1910)-Lehnhoff,H (2040) GER email 2012}) 14. g4 {Strongly threatening Nf5.} Bg6 $1 {[%cal Rg6c2]} 15. Nxg6 hxg6 16. Rfd1 Bc5 17. Bd2 Nf8 18. g5 $36 {[%mdl 2048] White is more active.} Ne8 19. Ne4 Be7 20. h4 Nd6 21. Nxd6 Bxd6 22. b4 a5 23. bxa5 Qc8 24. Bc3 Qe6 25. Qb3 e4 (25... Rdb8 $14) 26. c5 $16 (26. Qxb7 $2 Rdb8 $19) 26... Bxc5 27. Rxd8 ({Inferior is} 27. Qxb7 Qc4 $17) 27... Rxd8 28. Qxe6 $1 ({And not} 28. Qxb7 e3 $19) 28... Nxe6 29. e3 $1 ({Reject} 29. Bxe4 $6 Bd4 $11) 29... Rd3 30. Be1 Ra3 31. Bxe4 Ra4 {[#]} 32. Bf3 (32. Bc2 $1 $16 {[%cal Rc2a4]} Rc4 33. Bb3) 32... Rxh4 $2 {[#]} ({Better is} 32... Kf8 $14) 33. Rb1 $1 $18 Nxg5 34. Bg2 Ra4 35. Rxb7 Rxa2 36. Bxc6 Ra1 37. Kf1 Ne6 38. Bd5 Kf8 39. Ke2 Nd8 40. Rb5 Bd6 $2 (40... Ba7 41. Bb4+ Ke8) 41. Bc3 {White is clearly winning.} Rc1 42. Kd2 Rf1 43. a6 {Accuracy: White = 83%, Black = 34%.} 1-0

[Event "German Masters 2019"]
[Site "Magdeburg"]
[Date "2019.06.01"]
[Round "7.4"]
[White "Bindrich, Falko"]
[Black "Fridman, Daniel"]
[Result "1/2-1/2"]
[WhiteElo "2599"]
[BlackElo "2644"]
[Annotator "TA"]
[PlyCount "76"]
[EventDate "2019.05.26"]
[EventType "tourn"]
[EventCountry "GER"]
[SourceTitle "playchess.com"]
[Source "ChessBase"]
[SourceQuality "1"]

{[%evp 15,76,18,27,19,30,23,23,24,19,33,26,12,9,19,32,25,25,15,23,32,40,0,35,33,33,33,26,31,44,-13,-30,-64,-58,-69,-67,-59,-62,-54,-6,-4,-7,-8,-8,-16,0,0,0,0,0,0,0,0,0,0,0,0,0,0,0,0,0,0,0]} 1. d4 d5 2. c4 e6 3. Nf3 Nf6 4. Nc3 c6 5. e3 a6 6. b3 Bb4 7. Bd2 O-O 8. Bd3 Nbd7 9. O-O {D45: Semi-Slav: 5 e3} Bd6 (9... Qe7 10. Qc2 {½-½ (10) Rakhmanov,A (2629)-Bartel,M (2600) Skopje 2019}) 10. Rc1 b6 11. e4 {White has an edge.} dxc4 12. Bxc4 {[#] Strongly threatening e5.} e5 $1 13. d5 cxd5 14. Bxd5 Nxd5 15. Nxd5 Bb7 16. Bg5 f6 17. Be3 $1 Rf7 18. Nh4 $146 ({Predecessor:} 18. b4 Bxd5 19. Qxd5 Bxb4 20. Rfd1 Rb8 21. Nh4 g6 22. Rc6 Qe8 23. Re6 {½-½ (23) Cimicki,D (2439)-Strengell,O (2366) ICCF email 2010}) 18... g6 19. Qg4 Bxd5 20. Nf5 $1 {[%cal Rf5d6]} Bf8 {Threatens to win with ...Bb7.} 21. exd5 Nc5 22. Rfd1 (22. Bxc5 $14 bxc5 23. Rfd1) 22... Qd7 $11 {[%mdl 64] [#] Pin} 23. Nh6+ Bxh6 $1 24. Qxd7 Rxd7 25. Bxh6 Rad8 26. b4 Na4 (26... Ne6 $5) 27. h4 {The position is equal.} Kf7 28. Be3 h5 29. Rc6 Rxd5 (29... b5 {feels hotter.} 30. Rxa6 Rxd5 31. Rxd5 Rxd5 32. g3 Rd1+) 30. Rxd5 Rxd5 31. Bxb6 Nxb6 32. Rxb6 {[%mdl 4096] Endgame KR-KR} a5 33. a3 axb4 34. axb4 Rd1+ 35. Kh2 Rd2 36. Kg1 Rd1+ 37. Kh2 Rd2 38. Kg1 Rd1+ {Accuracy: White = 70%, Black = 74%.} 1/2-1/2